00449 2200181 4500001002100000005001500021008004100036020002200077035001900099041000700118082001000125090001600135100001900151245004300170260002100213300001400234650001900248INLIS00000000002986820241224132836241224||||||||| | ||| |||| || |  a978-979-3274-50-8 0010-1224029868 aid0 a808.1 a808.1 PAL s0 aUdhin Palisuri00aSeikat Puisi Cinta Hasri Ainun Habibie aJakartabYAPENSI a156 hlm.; 0aKumpulan Puisi